| 000 | 00766nam a2200229 i 4500 | ||
|---|---|---|---|
| 001 | 51377 | ||
| 003 | ES-MaACL | ||
| 005 | 20240524062951.0 | ||
| 007 | t| | ||
| 008 | 030812s1943 sp ||||1| spa d | ||
| 080 | _a929 Dickens, Charles | ||
| 100 | 0 |
_aChesterton, G. K., _d1874-1936 _938399 |
|
| 245 | 1 | 0 |
_aVida de Dickens / _cG.K. Chesterton ; [traducido por Emilio Gómez Orbaneja]. |
| 260 |
_aMadrid : _bSumma, _c1943 ( _fImp. de Galo Sáez) |
||
| 300 |
_a300 p. ; _c19 cm. |
||
| 490 | 1 | _aEuropa amistad fecunda | |
| 600 | 1 | 4 |
_aDickens, Charles- _xBiografías. _9174104 |
| 700 | 1 |
_aGómez Orbaneja, Emilio. _958088 |
|
| 830 | 1 |
_aEuropa amistad fecunda _9230170 |
|
| 852 | 4 |
_aES-MaACL _jA-2760 _z- Enc. ed. tela |
|
| 999 |
_c51377 _d51377 |
||